Municipalities of Slovenia Quiz - Statistics

General Stats
  • This quiz has been taken 9 times
  • The average score is 55 of 212
Answer Stats
Region Municipality % Correct
Central Slovenia Ljubljana
83%
Coastal–Karst Ankaran
67%
Coastal–Karst Koper
67%
Drava Maribor
67%
Central Slovenia Trzin
67%
Gorizia Ajdovščina
50%
Drava Benedikt
50%
Upper Carniola Bled
50%
Inner Carniola–Karst Bloke
50%
Upper Carniola Bohinj
50%
Central Slovenia Borovnica
50%
Gorizia Bovec
50%
Savinja Celje
50%
Coastal–Karst Divača
50%
Central Slovenia Dol pri Ljubljani
50%
Central Slovenia Domžale
50%
Central Slovenia Grosuplje
50%
Mura Hodoš
50%
Inner Carniola–Karst Ilirska Bistrica
50%
Coastal–Karst Izola
50%
Upper Carniola Jesenice
50%
Central Slovenia Kamnik
50%
Upper Carniola Kranj
50%
Upper Carniola Kranjska Gora
50%
Lower Sava Krško
50%
Savinja Laško
50%
Central Slovenia Mengeš
50%
Mura Murska Sobota
50%
Gorizia Nova Gorica
50%
Southeast Slovenia Novo Mesto
50%
Inner Carniola–Karst Postojna
50%
Drava Ptuj
50%
Coastal–Karst Sežana
50%
Drava Slovenska Bistrica
50%
Savinja Velenje
50%
Central Slovenia Vrhnika
50%
Mura Apače
33%
Mura Beltinci
33%
Savinja Bistrica ob Sotli
33%
Savinja Braslovče
33%
Gorizia Brda
33%
Lower Sava Brežice
33%
Central Slovenia Brezovica
33%
Mura Cankova
33%
Upper Carniola Cerklje na Gorenjskem
33%
Inner Carniola–Karst Cerknica
33%
Gorizia Cerkno
33%
Drava Cerkvenjak
33%
Drava Cirkulane
33%
Drava Destrnik
33%
Savinja Dobje
33%
Central Slovenia Dobrepolje
33%
Mura Dobrovnik
33%
Southeast Slovenia Dolenjske Toplice
33%
Carinthia Dravograd
33%
Drava Duplek
33%
Upper Carniola Gorenja Vas–Poljane
33%
Drava Gorišnica
33%
Upper Carniola Gorje
33%
Mura Gornja Radgona
33%
Savinja Gornji Grad
33%
Mura Gornji Petrovci
33%
Mura Grad
33%
Drava Hajdina
33%
Drava Hoče–Slivnica
33%
Central Sava Hrastnik
33%
Coastal–Karst Hrpelje–Kozina
33%
Gorizia Idrija
33%
Central Slovenia Ig
33%
Central Slovenia Ivančna Gorica
33%
Southeast Slovenia Kočevje
33%
Coastal–Karst Komen
33%
Central Slovenia Komenda
33%
Drava Lenart
33%
Central Slovenia Litija
33%
Central Slovenia Logatec
33%
Central Slovenia Log–Dragomer
33%
Central Slovenia Medvode
33%
Southeast Slovenia Mirna
33%
Southeast Slovenia Mirna Peč
33%
Central Slovenia Moravče
33%
Savinja Mozirje
33%
Coastal–Karst Piran
33%
Inner Carniola–Karst Pivka
33%
Upper Carniola Radovljica
33%
Southeast Slovenia Ribnica
33%
Carinthia Ribnica na Pohorju
33%
Drava Ruše
33%
Upper Carniola Škofja Loka
33%
Gorizia Tolmin
33%
Central Sava Trbovlje
33%
Upper Carniola Tržič
33%
Gorizia Vipava
33%
Central Sava Zagorje ob Savi
33%
Mura Črenšovci
17%
Carinthia Črna na Koroškem
17%
Southeast Slovenia Črnomelj
17%
Savinja Dobrna
17%
Central Slovenia Dobrova–Polhov Gradec
17%
Central Slovenia Horjul
17%
Upper Carniola Jezersko
17%
Drava Juršinci
17%
Gorizia Kanal
17%
Drava Kidričevo
17%
Gorizia Kobarid
17%
Mura Kobilje
17%
Lower Sava Kostanjevica na Krki
17%
Savinja Kozje
17%
Mura Križevci
17%
Drava Kungota
17%
Mura Kuzma
17%
Mura Lendava
17%
Savinja Ljubno
17%
Mura Ljutomer
17%
Inner Carniola–Karst Loška Dolina
17%
Southeast Slovenia Loški Potok
17%
Drava Lovrenc na Pohorju
17%
Savinja Luče
17%
Central Slovenia Lukovica
17%
Drava Majšperk
17%
Drava Makole
17%
Drava Markovci
17%
Southeast Slovenia Metlika
17%
Drava Miklavž na Dravskem Polju
17%
Gorizia Miren–Kostanjevica
17%
Carinthia Mislinja
17%
Mura Moravske Toplice
17%
Carinthia Muta
17%
Savinja Nazarje
17%
Mura Odranci
17%
Drava Oplotnica
17%
Savinja Podčetrtek
17%
Drava Podlehnik
17%
Drava Poljčane
17%
Savinja Polzela
17%
Savinja Prebold
17%
Upper Carniola Preddvor
17%
Carinthia Prevalje
17%
Mura Puconci
17%
Drava Rače–Fram
17%
Savinja Radeče
17%
Mura Radenci
17%
Carinthia Radlje ob Dravi
17%
Carinthia Ravne na Koroškem
17%
Mura Razkrižje
17%
Gorizia Renče–Vogrsko
17%
Savinja Rogaška Slatina
17%
Mura Rogašovci
17%
Savinja Rogatec
17%
Mura Šalovci
17%
Drava Selnica ob Dravi
17%
Gorizia Šempeter–Vrtojba
17%
Upper Carniola Šenčur
17%
Southeast Slovenia Šentjernej
17%
Lower Sava Sevnica
17%
Central Slovenia Škofljica
17%
Carinthia Slovenj Gradec
17%
Savinja Slovenske Konjice
17%
Savinja Šmarje pri Jelšah
17%
Southeast Slovenia Šmarješke Toplice
17%
Savinja Šmartno ob Paki
17%
Central Slovenia Šmartno pri Litiji
17%
Savinja Solčava
17%
Savinja Šoštanj
17%
Drava Središče ob Dravi
17%
Drava Starše
17%
Savinja Štore
17%
Drava Sveta Ana
17%
Drava Sveta Trojica v Slovenskih Goricah
17%
Drava Sveti Andraž v Slovenskih Goricah
17%
Mura Sveti Jurij ob Ščavnici
17%
Drava Sveti Jurij v Slovenskih Goricah
17%
Drava Sveti Tomaž
17%
Savinja Tabor
17%
Mura Tišina
17%
Southeast Slovenia Trebnje
17%
Drava Trnovska Vas
17%
Mura Turnišče
17%
Mura Velika Polana
17%
Central Slovenia Velike Lašče
17%
Mura Veržej
17%
Drava Videm
17%
Savinja Vitanje
17%
Central Slovenia Vodice
17%
Savinja Vojnik
17%
Savinja Vransko
17%
Carinthia Vuzenica
17%
Savinja Žalec
17%
Upper Carniola Železniki
17%
Drava Žetale
17%
Upper Carniola Žiri
17%
Upper Carniola Žirovnica
17%
Southeast Slovenia Žužemberk
17%
Drava Dornava
0%
Southeast Slovenia Kostel
0%
Carinthia Mežica
0%
Southeast Slovenia Mokronog–Trebelno
0%
Upper Carniola Naklo
0%
Drava Ormož
0%
Southeast Slovenia Osilnica
0%
Drava Pesnica
0%
Carinthia Podvelka
0%
Savinja Rečica ob Savinji
0%
Southeast Slovenia Semič
0%
Drava Šentilj
0%
Savinja Šentjur
0%
Southeast Slovenia Šentrupert
0%
Southeast Slovenia Škocjan
0%
Southeast Slovenia Sodražica
0%
Southeast Slovenia Straža
0%
Drava Zavrč
0%
Savinja Zreče
0%
No matching quizzes found
Score Distribution
Percent of People with Each Score
Percentile by Number Answered
Your Score History
You have not taken this quiz